Ranczo- tytuły odcinków - Statystyki

Ogólne statystyki
  • Ten quiz został rozwiązany 775 razy
  • Średni wynik to 27 z 130
Statystyki odpowiedzi
Hint Odpowiedź % Poprawnych
1 Spadek
71%
130 Cuda, cuda ogłaszają
57%
5 Wieść gminna
45%
47 W samo popołudnie
41%
2 Goście z zaświatów
40%
10 Porwanie
40%
49 Debata
35%
12 Honor gminy
34%
4 Otrzeźwienie
34%
3 Ksiądz z inicjatywą
32%
67 Kozi róg
31%
13 Wielkie Wybory
31%
117 Złoty róg
31%
88 Koniec świata w Wilkowyjach
30%
64 Nad Solejuków i Wargaczów domem
30%
9 Odwyk i antykoncepcja
29%
59 Doktor Wezół
28%
42 Śluby i rozstania
28%
40 Szok poporodowy
28%
17 Honor parafii
27%
48 Bohaterski strajk
26%
53 Msza obywatelska
26%
6 Racja gminy
26%
31 Radio interaktywne
26%
70 Seks nocy letniej
26%
8 Kozy ofiarne
25%
92 Radio mamrot
25%
79 Wielbicielka z Warszawy
25%
98 Zbrodnia to niesłychana, pani zabija pana
25%
26 Zgoda po polsku
25%
22 Diler pierogów
24%
101 Grecy i Bułgarzy
24%
102 Jedźmy, nikt nie woła
24%
36 Miedź brzęcząca
24%
7 Podwójny agent
24%
46 Dzieci śmieci
23%
28 Powrót demona
23%
39 Szczęśliwe rozwiązanie
23%
11 Wspólny wróg
23%
52 Zemsta i wybaczenie
23%
57 Człowiek z RIO
22%
127 Dominator
22%
15 Gmina to ja
22%
103 Nie rzucaj Ziemi, skąd twój ród
22%
66 Szlifierze diamentów
22%
56 Amerykańska baza
21%
89 Czas konspiry
21%
23 Do dobrego lepiej przymusić
21%
18 Europejski kandydat
21%
16 Lokalna rewolucja
21%
129 Ochotnicza straż kobiet
21%
65 Pakt z czartem
21%
19 Rozwód z miłośći
21%
14 Sztuka i władza
21%
90 Trudne powroty
21%
94 Wybacz mnie
21%
43 Agent
20%
61 Honor i zęby trzonowe
20%
21 Jesienna Burza
20%
99 Los pogorzelca
20%
34 Odsiecz
20%
85 Pojedynek czarownic
20%
76 Tchnienie Las Vegas
20%
87 Ciężka ręka prawa
19%
58 Obcy krajowcy
19%
41 Sztormy emocjonalne
19%
35 Upadek obyczajów
19%
124 Wet za wet
19%
60 Włoski rozłącznik
19%
54 Czysty biznes
18%
112 Demony Kusego
18%
51 Fałszerze uczuć
18%
97 Nowatorska terapia
18%
27 Płomień mały i duży
18%
78 Poród Amatorski
18%
63 Przewroty kopernikańskie
18%
100 W blasku fleszy
18%
38 Złoty deszcz
18%
123 Depresja Biskupa
17%
71 Dzieci rewolucji
17%
25 Plan awaryjny
17%
125 Polityczny Zombie
17%
77 Przywódce
17%
73 Świadek koronny
17%
82 Tchnienie antyklerykalizmu
17%
32 Wielkie odkrycie
17%
104 Wielkie otwarcie
17%
93 Wykapany ojciec
17%
20 Diabelskie porachunki
16%
75 Kontrrewolucja
16%
105 Nowe wyzwania
16%
33 Sprawca
16%
37 Zrozumieć kobietę
16%
106 Bardzo krótkie kariery
15%
95 Czysta karta
15%
30 Fakt prasowy
15%
118 Kto tu rządzi
15%
68 Narracja negacji
15%
44 Polityka i czary
15%
80 Potęga immunitetu
15%
62 Przymus rekreacji
15%
24 Siła władzy
15%
74 Sztuka translacji
15%
69 Wiatr w żaglach
15%
55 Wielki powrót
15%
45 Wymiana międzypokoleniowa
15%
115 Brzytwa dla tonącego
14%
83 Model życia artysty
14%
120 Próba ognia
14%
110 Boska cząstka
13%
86 Droga na szczyt
13%
96 Obywatelskie obowiązki
13%
81 Podróż w czasie
13%
91 Droga przez stos
12%
126 Edukacyjne dylematy
12%
128 Klauzula sumienia
12%
119 Partyzancka dola
12%
84 Słowo senatora
12%
29 W kleszczach terroru
12%
122 Wszystko jest teatrem
12%
121 Geny nie kłamią
11%
113 Konie trojańskie
11%
109 Potęga mediów
11%
72 Przeciek kontrolowany
11%
107 W szponach zdrowia
11%
114 Zamrożony kapitał
11%
111 Istotny dysonans
10%
116 Grzechy miłości
9%
108 Gambit Geniuszy
8%
50 Kontratak
8%
Nie znaleziono quizów pasujących do podanych kryteriów
Rozkład punktacji
Procent ludzi z każdym wynikiem
Percentyl według liczby udzielonych odpowiedzi
Twoja historia wyników
Nie rozwiązałeś tego quizu